Rajah Rammohun Roy : the last phase /

Bibliographic Details
Main Author: Dasgupta, B. N. (Binayendra Nath), 1897-
Format: Book
Language:English
Published: New Delhi : Uppal Pub. House, [1982?]
Subjects:

MARC

Tag First Indicator Second Indicator Subfields
LEADER 00000cam a2200000 a 4500
001 in00003475921
005 20151206104916.0
008 841015s1982 ii acf b 00110beng
010 |a  82906670  
039 0 |a 2  |b 3  |c 3  |d 3  |e 3 
040 |d UtOrBLW 
082 0 |a 954.03/1/0924  |a B  |2 19 
090 |a DS475.2.R18  |b D38 1982 
100 1 |a Dasgupta, B. N.  |q (Binayendra Nath),  |d 1897- 
245 1 0 |a Rajah Rammohun Roy :  |b the last phase /  |c B.N. Dasgupta. 
264 1 |a New Delhi :  |b Uppal Pub. House,  |c [1982?] 
300 |a vi, 309 pages, 4 unnumbered pages of plates :  |b illustrations, portraits ;  |c 23 cm. 
336 |a text  |b txt  |2 rdacontent 
337 |a unmediated  |b n  |2 rdamedia 
338 |a volume  |b nc  |2 rdacarrier 
500 |a "Companion volume to: The life and times of Rajah Rammohun Roy"--Title page verso. 
504 |a Bibliography: pages [297]-302. 
500 |a Includes index. 
600 0 0 |a Rammohun Roy,  |c Raja,  |d 1772?-1833. 
650 0 |a Statesmen  |z India  |v Biography. 
700 1 |a Dasgupta, B. N.  |q (Binayendra Nath),  |d 1897-  |t Life and times of Rajah Rammohun Roy. 
999 |a MARS 
999 f f |s b043b894-79cb-321b-83aa-cd5f7a26320b  |i 153bcda1-a61a-33e9-9efb-f6d0d10aa0a0  |t 0 
952 f f |p ric  |a Texas A&M University  |b Rellis Campus  |c Joint Library Facility  |d Remote Storage  |t 0  |e DS475.2.R18 D38 1982  |h Library of Congress classification  |i unmediated -- volume  |m 32060004657983 
998 f f |a DS475.2.R18 D38 1982  |t 0  |l Remote Storage